000 00978nam a2200205Ia 4500
003 OSt
005 20241010161808.0
007 ca aa aaaaa
008 201103s9999 xx 000 0 und d
040 _cSSBUL
041 _abur
082 _223
_a၂၉၄.၃၄၃၅၀၉ ဥတ်
_b၉၁၉၆ S-SAT
100 0 _a ဥတ္တရဉာဏ၊ အရှင်
_917316
245 1 0 _aရတနာမြေ၊ မိုးကုတ်မြို့ဖောင်တော်ဦးဘုရားသမိုင်း /
_cအရှင်ဥတ္တရဉာဏ။
260 _aရန်ကုန် ၊
_bဝေဒစာပေ၊
_c၁၉၉၁။
300 _aဍ၊ ၁၃၅ စာမျက်နှာ ၊
_bဓါတ်ပုံများ၊
_c၁၇ စင်တီ။
500 _aS-SAT: Dr. Sai Aung Tun
650 _aဖောင်တော်ဦးဘုရား
_vသမိုင်း
_zမိုးကုတ်မြို့
_955014
942 _2ddc
_cBK1
999 _c16693
_d16693